000 00605nam a2200205Ia 4500
005 20260429112303.0
008 260429s9999||||xx |||||||||||||| ||und||
020 _a9781032599878
041 _aEnglish
082 _a302.23
_bSCH
100 _aErica Scharrer
245 0 _aQuantitative research methods in communication the power of numbers for social justice /
_cErica Scharrer
250 _a2nd ed.
260 _aNew York :
_bRoutledge,
_c2025.
300 _axxiv, 380 p.; pbk
650 _a Quantitative methods
650 _a Social justice
650 _aCommunication research
942 _cTB
999 _c53324
_d53324